[Event "Pro-Am 2010"]
[Site "Villa Martelli ARG"]
[Date "2010.10.11"]
[Round "1.33"]
[White "Gandolfo, Alberto Mario"]
[Black "Krysa, Leandro Sergio"]
[Result "0-1"]
[WhiteElo "2046"]
[BlackElo "2271"]
[PlyCount "62"]
[EventDate "2010.10.10"]
[EventType "swiss"]
[EventRounds "9"]
[EventCountry "ARG"]
[Source "lmi"]
[SourceDate "2010.10.10"]

1. Nf3 Nf6 2. d4 g6 3. g3 Bg7 4. Bg2 O-O 5. O-O d5 6. Nbd2 c5 7. dxc5 Nc6 8. c3
a5 9. Nd4 e5 10. Nxc6 bxc6 11. Nf3 Ne4 12. Be3 Ba6 13. Nd2 f5 14. Nxe4 fxe4 15.
Qd2 d4 16. Bg5 Qd5 17. Be7 Rf7 18. Bd6 Bf8 19. Rad1 Bxd6 20. cxd6 c5 21. b3 Bb7
22. f4 exf3 23. Bxf3 e4 24. Bg2 Rxf1+ 25. Kxf1 Rf8+ 26. Kg1 Rf2 27. Bh1 Qh5 28.
Kxf2 Qxh2+ 29. Bg2 e3+ 30. Qxe3 Qxg2+ 31. Ke1 dxe3 0-1

[Event "Pro-Am 2010"]
[Site "Villa Martelli ARG"]
[Date "2010.10.11"]
[Round "1.36"]
[White "Castillo, Santiago"]
[Black "Cuevas, Alex"]
[Result "1-0"]
[WhiteElo "2120"]
[BlackElo "2305"]
[PlyCount "81"]
[EventDate "2010.10.10"]
[EventType "swiss"]
[EventRounds "9"]
[EventCountry "ARG"]
[Source "lmi"]
[SourceDate "2010.10.10"]

1. e4 c5 2. Nf3 e6 3. d4 cxd4 4. Nxd4 a6 5. c4 d6 6. Nc3 Nf6 7. Be2 Qc7 8. O-O
b6 9. Be3 Bb7 10. f3 Nbd7 11. Rc1 Be7 12. Qd2 O-O 13. g4 h6 14. Rfd1 Rfe8 15.
Qe1 Bf8 16. Qf2 Rac8 17. h4 g6 18. g5 hxg5 19. hxg5 Nh7 20. Nb3 Qb8 21. Qh4 f5
22. gxf6 Ndxf6 23. Qg3 Kf7 24. Kf2 Be7 25. Nd4 Rc5 26. Qh3 Qc8 27. Nb3 Rh5 28.
Qg2 Rh8 29. Rh1 Qd8 30. Rcg1 Rg8 31. f4 Qa8 32. Bf3 b5 33. Na5 e5 34. Nxb7 Qxb7
35. f5 Rxh1 36. fxg6+ Ke8 37. Qxh1 Nf8 38. g7 Ne6 39. Bh5+ Nxh5 40. Qxh5+ Kd8
41. Qh8 1-0

[Event "Pro-Am 2010"]
[Site "Villa Martelli ARG"]
[Date "2010.10.12"]
[Round "1.37"]
[White "Rodriguez Vila, Andres"]
[Black "Pucill, Facundo"]
[Result "1-0"]
[WhiteElo "2537"]
[BlackElo "2148"]
[PlyCount "71"]
[EventDate "2010.10.10"]
[EventType "swiss"]
[EventRounds "9"]
[EventCountry "ARG"]
[Source "lmi"]
[SourceDate "2010.10.10"]

1. e4 c6 2. f4 d5 3. e5 Bf5 4. Nf3 e6 5. c3 c5 6. Na3 Nc6 7. Be2 Be7 8. O-O Qb6
9. d3 h5 10. h3 Bg6 11. Qe1 Qd8 12. Be3 Nh6 13. Bf2 Nf5 14. g4 hxg4 15. hxg4
Nh6 16. Nh4 Ng8 17. Nxg6 fxg6 18. d4 cxd4 19. cxd4 Bh4 20. Nb5 Kd7 21. Rd1
Bxf2+ 22. Qxf2 Qh4 23. Qg2 Qh3 24. Qxh3 Rxh3 25. Kg2 Rh6 26. Nd6 b6 27. Nf7 Rh7
28. Bb5 Nge7 29. f5 gxf5 30. gxf5 Rh5 31. fxe6+ Kxe6 32. Be2 Rh4 33. Bb5 Kd7
34. Kg3 Re4 35. Ng5 Re3+ 36. Kf4 1-0

[Event "Pro-Am 2010"]
[Site "Villa Martelli ARG"]
[Date "2010.10.12"]
[Round "1.38"]
[White "Alvarez, Roberto Gabriel"]
[Black "Valerga, Diego"]
[Result "0-1"]
[WhiteElo "2097"]
[BlackElo "2508"]
[PlyCount "67"]
[EventDate "2010.10.10"]
[EventType "swiss"]
[EventRounds "9"]
[EventCountry "ARG"]
[Source "lmi"]
[SourceDate "2010.10.10"]

1. e4 c6 2. d4 d5 3. exd5 cxd5 4. c4 Nf6 5. Nc3 e6 6. Nf3 Bb4 7. Bd3 dxc4 8.
Bxc4 Bxc3+ 9. bxc3 Qc7 10. Qd3 O-O 11. O-O Nbd7 12. Re1 b6 13. Bb3 Bb7 14. Bb2
Rfd8 15. Qe2 Nd5 16. c4 Nf4 17. Qe3 Ng6 18. Rad1 Qf4 19. d5 Qxe3 20. Rxe3 Nc5
21. dxe6 Rxd1+ 22. Bxd1 Nxe6 23. Be2 h6 24. g3 Rd8 25. Kf1 Ne7 26. Bd3 Ba6 27.
Ke1 Nc6 28. Be4 Na5 29. Bd5 Bxc4 30. Bxe6 Bxe6 31. Bc3 Nc4 32. Re4 Rd3 33. Bb4
Rxf3 34. Ke2 0-1

[Event "Pro-Am 2010"]
[Site "Villa Martelli ARG"]
[Date "2010.10.12"]
[Round "1.40"]
[White "Daneri, Martin"]
[Black "Perez Ponsa, Federico"]
[Result "1/2-1/2"]
[WhiteElo "2091"]
[BlackElo "2469"]
[PlyCount "56"]
[EventDate "2010.10.10"]
[EventType "swiss"]
[EventRounds "9"]
[EventCountry "ARG"]
[Source "lmi"]
[SourceDate "2010.10.10"]

1. e4 c5 2. Nc3 Nc6 3. Bb5 Nd4 4. Bc4 a6 5. a4 e6 6. Nf3 Nf6 7. O-O Nxe4 8.
Nxd4 cxd4 9. Nxe4 d5 10. Bd3 dxe4 11. Bxe4 Bd6 12. Re1 O-O 13. c3 Qc7 14. h3
dxc3 15. dxc3 Bd7 16. Qh5 f5 17. Bc2 e5 18. Be3 Be6 19. a5 Qf7 20. Qxf7+ Kxf7
21. Bb6 Rac8 22. Rad1 Ke7 23. Rd2 g6 24. Kf1 Bc4+ 25. Kg1 Ke6 26. Red1 Be7 27.
Rd7 Rb8 28. Bc7 Rbe8 1/2-1/2

[Event "Pro-Am 2010"]
[Site "Villa Martelli ARG"]
[Date "2010.10.12"]
[Round "1.41"]
[White "Pierrot, Juan Facundo"]
[Black "Perez, Mario Abel"]
[Result "1-0"]
[WhiteElo "2431"]
[BlackElo "2090"]
[PlyCount "45"]
[EventDate "2010.10.10"]
[EventType "swiss"]
[EventRounds "9"]
[EventCountry "ARG"]
[Source "lmi"]
[SourceDate "2010.10.10"]

1. e4 c5 2. Nf3 e6 3. c3 Nf6 4. e5 Nd5 5. Bc4 Nc7 6. d4 b5 7. Bd3 Bb7 8. Nbd2
c4 9. Bc2 Nd5 10. Ne4 h6 11. O-O Be7 12. Qe2 O-O 13. Ng3 Bc6 14. a4 bxa4 15.
Qxc4 a6 16. Qd3 f5 17. exf6 Nxf6 18. Ne5 Qe8 19. Nxc6 Nxc6 20. Rxa4 Bd6 21. Ne4
Nxe4 22. Qxe4 Qh5 23. h3 1-0

[Event "Pro-Am 2010"]
[Site "Villa Martelli ARG"]
[Date "2010.10.12"]
[Round "1.42"]
[White "Ciurlanti, Federico"]
[Black "Liascovich, Lucas Agustin"]
[Result "0-1"]
[WhiteElo "2079"]
[BlackElo "2424"]
[PlyCount "78"]
[EventDate "2010.10.10"]
[EventType "swiss"]
[EventRounds "9"]
[EventCountry "ARG"]
[Source "lmi"]
[SourceDate "2010.10.10"]

1. e4 c5 2. Nf3 e6 3. d4 cxd4 4. Nxd4 Nc6 5. Nc3 Qc7 6. Ndb5 Qb8 7. Be3 Nf6 8.
f4 d6 9. Be2 Be7 10. g4 h6 11. a4 b6 12. Qd2 a6 13. Na3 d5 14. exd5 Nxd5 15.
Nxd5 exd5 16. Qxd5 Bb7 17. O-O Nb4 18. Qe5 Nd5 19. Bd4 Qxe5 20. fxe5 Rd8 21. e6
fxe6 22. Bf3 O-O 23. Bxd5 Rxd5 24. Rxf8+ Bxf8 25. Bxb6 h5 26. gxh5 Rg5+ 27. Kf1
Bg2+ 28. Kf2 Bd5 29. Rg1 Rxh5 30. c4 Rxh2+ 31. Kg3 Rxb2 32. cxd5 Rxb6 33. Rb1
Rxb1 34. Nxb1 Bb4 35. dxe6 Kf8 36. Kf4 Ke7 37. Kf5 a5 38. Ke5 g6 39. Kd5 Kf6
0-1

[Event "Pro-Am 2010"]
[Site "Villa Martelli ARG"]
[Date "2010.10.12"]
[Round "1.43"]
[White "Tristan, Leonardo"]
[Black "Fernandez, Marcelo Fabian"]
[Result "1-0"]
[WhiteElo "2401"]
[BlackElo "2065"]
[PlyCount "65"]
[EventDate "2010.10.10"]
[EventType "swiss"]
[EventRounds "9"]
[EventCountry "ARG"]
[Source "lmi"]
[SourceDate "2010.10.10"]

1. e4 d5 2. exd5 Qxd5 3. Nc3 Qa5 4. d4 c6 5. Nf3 Nf6 6. Bc4 Bf5 7. Bd2 e6 8.
Nd5 Qd8 9. Nxf6+ gxf6 10. c3 Nd7 11. Nh4 Bg6 12. Qf3 Qc7 13. Qh3 Bg7 14. O-O
O-O 15. Rae1 b5 16. Bb3 Rad8 17. Nxg6 hxg6 18. Rxe6 c5 19. Re3 Qd6 20. Qh4 g5
21. Qh5 c4 22. Bc2 Rfe8 23. Rg3 Qe6 24. Be3 Nb6 25. h4 Nd5 26. hxg5 f5 27. g6
f4 28. gxf7+ Qxf7 29. Bg6 Qe6 30. Qh7+ Kf8 31. Rf3 Qd6 32. Bxe8 Nf6 33. Bxf4
1-0

[Event "Pro-Am 2010"]
[Site "Villa Martelli ARG"]
[Date "2010.10.12"]
[Round "1.44"]
[White "Velazquez, Gustavo"]
[Black "Molina, Roberto Junio Brito"]
[Result "1-0"]
[WhiteElo "2054"]
[BlackElo "2384"]
[PlyCount "106"]
[EventDate "2010.10.10"]
[EventType "swiss"]
[EventRounds "9"]
[EventCountry "ARG"]
[Source "lmi"]
[SourceDate "2010.10.10"]

1. d4 f5 2. c4 Nf6 3. Nc3 d6 4. e3 g6 5. Nf3 Bg7 6. Be2 O-O 7. O-O Qe8 8. b4 e5
9. Bb2 e4 10. Ne1 Be6 11. d5 Bf7 12. Qb3 Nbd7 13. Nb5 Qd8 14. Nc2 a6 15. Nbd4
Qe7 16. Rfd1 Ne5 17. Rac1 Nfg4 18. g3 Nh6 19. Ne6 Bxe6 20. dxe6 Qxe6 21. Nd4
Qf7 22. c5 Qxb3 23. axb3 Rad8 24. cxd6 cxd6 25. b5 axb5 26. Rc7 Rf7 27. Nxb5
Rxc7 28. Nxc7 Rc8 29. Ne6 Nf3+ 30. Bxf3 Bxb2 31. Be2 Kf7 32. Ng5+ Ke7 33. Bc4
Ng4 34. Rd5 h6 35. Nh3 Rc5 36. Nf4 Ne5 37. Be2 Rc1+ 38. Rd1 Rxd1+ 39. Bxd1 Kd7
40. h4 h5 41. Kf1 Kc6 42. Ke2 Bc3 43. Ne6 d5 44. Ng5 Kd6 45. Nh3 Nc6 46. Nf4
Ne7 47. Ng2 Kc5 48. Nf4 Kb4 49. Ne6 Ka5 50. Bc2 Kb6 51. Kd1 Kc6 52. Nd8+ Kd7
53. Nxb7 Bb4 1-0

[Event "Pro-Am 2010"]
[Site "Villa Martelli ARG"]
[Date "2010.10.12"]
[Round "1.45"]
[White "Scarella, Enrique Alejandro"]
[Black "Garcia, Ezequiel Alejandro"]
[Result "1-0"]
[WhiteElo "2380"]
[BlackElo "2032"]
[PlyCount "43"]
[EventDate "2010.10.10"]
[EventType "swiss"]
[EventRounds "9"]
[EventCountry "ARG"]
[Source "lmi"]
[SourceDate "2010.10.10"]

1. d4 d6 2. e4 Nd7 3. Nf3 e5 4. Bc4 c6 5. O-O Be7 6. dxe5 dxe5 7. Ng5 Bxg5 8.
Qh5 Qe7 9. Qxg5 Qxg5 10. Bxg5 Ngf6 11. Re1 b5 12. Bf1 Nc5 13. Nd2 h6 14. Bh4
Be6 15. f3 O-O-O 16. Nb3 Nxb3 17. axb3 Rd2 18. Rxa7 Rhd8 19. Ra8+ Kc7 20. Rxd8
Kxd8 21. Rc1 Kc7 22. Bd3 1-0

[Event "Pro-Am 2010"]
[Site "Villa Martelli ARG"]
[Date "2010.10.12"]
[Round "1.46"]
[White "Franco, Gaston Nicolas"]
[Black "De Dovitiis, Alejo"]
[Result "0-1"]
[WhiteElo "2017"]
[BlackElo "2366"]
[PlyCount "69"]
[EventDate "2010.10.10"]
[EventType "swiss"]
[EventRounds "9"]
[EventCountry "ARG"]
[Source "lmi"]
[SourceDate "2010.10.10"]

1. e4 c5 2. Nf3 e6 3. c3 d5 4. exd5 exd5 5. d4 Nc6 6. Be2 c4 7. O-O Bd6 8. Re1
Nge7 9. Bg5 O-O 10. b3 cxb3 11. axb3 h6 12. Bh4 Be6 13. Nbd2 Qd7 14. Bg3 Rac8
15. Nf1 a6 16. Ne3 f5 17. Bxd6 Qxd6 18. c4 f4 19. Nc2 Bf5 20. c5 Qf6 21. Bd3
Bg4 22. Be2 Rce8 23. h3 Bh5 24. Ne5 Bxe2 25. Rxe2 Qg5 26. Ne1 Nxe5 27. Rxe5 Rf5
28. Nf3 Qh5 29. Qe1 Rxe5 30. Qxe5 Qxe5 31. Nxe5 Nf5 32. c6 Nxd4 33. cxb7 Rb8
34. Rd1 Nxb3 35. Rxd5 0-1

[Event "Pro-Am 2010"]
[Site "Villa Martelli ARG"]
[Date "2010.10.12"]
[Round "1.47"]
[White "Barrionuevo, Pablo"]
[Black "Moura, Pedro Camargo"]
[Result "1-0"]
[WhiteElo "2365"]
[BlackElo "2012"]
[PlyCount "71"]
[EventDate "2010.10.10"]
[EventType "swiss"]
[EventRounds "9"]
[EventCountry "ARG"]
[Source "lmi"]
[SourceDate "2010.10.10"]

1. d4 f5 2. e4 fxe4 3. Nc3 Nf6 4. Bg5 Nc6 5. d5 Ne5 6. Qe2 d6 7. Bxf6 exf6 8.
Nxe4 Be7 9. f4 Bg4 10. Qe3 Nd7 11. h3 Bh5 12. g4 Bf7 13. O-O-O O-O 14. Nf3 Re8
15. Qd4 Nc5 16. f5 Qd7 17. Nc3 a6 18. Rg1 b5 19. h4 Rab8 20. Qb4 c6 21. Bg2
cxd5 22. Nxd5 a5 23. Qf4 Bf8 24. Nd4 Rbc8 25. Nb6 Qc7 26. Nxc8 Rxc8 27. Kb1 Na4
28. Qd2 b4 29. Bc6 Nb6 30. g5 Nc4 31. Qe2 fxg5 32. hxg5 Ne5 33. g6 hxg6 34.
fxg6 Bxg6 35. Rxg6 Nxc6 36. Qe6+ 1-0

[Event "Pro-Am 2010"]
[Site "Villa Martelli ARG"]
[Date "2010.10.12"]
[Round "1.48"]
[White "Lopez Rebert, Pablo"]
[Black "Della Morte, German"]
[Result "0-1"]
[WhiteElo "2005"]
[BlackElo "2361"]
[PlyCount "42"]
[EventDate "2010.10.10"]
[EventType "swiss"]
[EventRounds "9"]
[EventCountry "ARG"]
[Source "lmi"]
[SourceDate "2010.10.10"]

1. e4 e5 2. f4 d5 3. exd5 c6 4. d4 exd4 5. Qxd4 cxd5 6. c3 Nf6 7. Nf3 Nc6 8.
Bb5 Be7 9. Be3 O-O 10. Qd3 Ng4 11. Bg1 Re8 12. Kd1 Qc7 13. Nbd2 Qxf4 14. Nd4
Bd7 15. Qf3 Bg5 16. Nf1 Qe5 17. Be2 Nh6 18. h3 Nf5 19. Bh2 Ncxd4 20. cxd4 Qxd4+
21. Qd3 Ba4+ 0-1

[Event "Pro-Am 2010"]
[Site "Villa Martelli ARG"]
[Date "2010.10.12"]
[Round "1.50"]
[White "Picollo, Pablo"]
[Black "Quiroga, Facundo"]
[Result "0-1"]
[WhiteElo "1987"]
[BlackElo "2357"]
[PlyCount "60"]
[EventDate "2010.10.10"]
[EventType "swiss"]
[EventRounds "9"]
[EventCountry "ARG"]
[Source "lmi"]
[SourceDate "2010.10.10"]

1. e4 c5 2. Nf3 d6 3. d4 cxd4 4. Nxd4 Nf6 5. Nc3 a6 6. Be2 e5 7. Nb3 Be7 8. a4
Be6 9. Be3 O-O 10. Nd5 Bxd5 11. exd5 a5 12. O-O Na6 13. c3 Nd7 14. f4 exf4 15.
Bd4 Bg5 16. Bd3 Nac5 17. Bc2 Nxb3 18. Bxb3 Re8 19. h4 Bh6 20. Qh5 Nf6 21. Qf5
Qd7 22. Qd3 Ne4 23. Bc2 g6 24. Rae1 Ng3 25. Rxe8+ Rxe8 26. Rd1 Qg4 27. Bf6 Re3
28. Qc4 Re2 29. Qc7 Rxg2+ 30. Kxg2 Ne4+ 0-1

[Event "Pro-Am 2010"]
[Site "Villa Martelli ARG"]
[Date "2010.10.12"]
[Round "1.51"]
[White "Bronstein, Luis Marcos"]
[Black "Farah, Daniel Landshoff"]
[Result "1-0"]
[WhiteElo "2347"]
[BlackElo "1955"]
[PlyCount "31"]
[EventDate "2010.10.10"]
[EventType "swiss"]
[EventRounds "9"]
[EventCountry "ARG"]
[Source "lmi"]
[SourceDate "2010.10.10"]

1. e4 c5 2. Nf3 d6 3. Bb5+ Nc6 4. O-O Bd7 5. Re1 e5 6. c3 g6 7. d4 Bg7 8. Bg5
f6 9. Be3 Qb6 10. Na3 a6 11. dxc5 dxc5 12. Nc4 Qa7 13. Bxc6 Bxc6 14. Qd6 Kf7
15. Bxc5 Qb8 16. Ncxe5+ 1-0

[Event "Pro-Am 2010"]
[Site "Villa Martelli ARG"]
[Date "2010.10.12"]
[Round "1.52"]
[White "Chavarria, Bily"]
[Black "Guerrero, Alvaro"]
[Result "0-1"]
[WhiteElo "1940"]
[BlackElo "2270"]
[PlyCount "60"]
[EventDate "2010.10.10"]
[EventType "swiss"]
[EventRounds "9"]
[EventCountry "ARG"]
[Source "lmi"]
[SourceDate "2010.10.10"]

1. d4 d6 2. c4 Nf6 3. Nc3 g6 4. e4 Bg7 5. Nf3 O-O 6. h3 e5 7. Be3 Nc6 8. d5 Ne7
9. Be2 Ne8 10. O-O f5 11. Ne1 f4 12. Bd2 h5 13. Nd3 Nf6 14. b4 Rf7 15. f3 g5
16. Nf2 Bf8 17. Rc1 Ng6 18. Na4 Rg7 19. Be1 Nh4 20. c5 Kh8 21. b5 b6 22. c6 Be7
23. Nb2 Qg8 24. Rc2 g4 25. fxg4 hxg4 26. Nxg4 Nxe4 27. Qd3 Bf5 28. Bf3 Ng3 29.
Nh6 Bxd3 30. Nxg8 Bxc2 0-1

[Event "Pro-Am 2010"]
[Site "Villa Martelli ARG"]
[Date "2010.10.12"]
[Round "1.54"]
[White "Rivero, Raul Omar"]
[Black "Paveto, Kevin"]
[Result "0-1"]
[WhiteElo "1857"]
[BlackElo "2256"]
[PlyCount "46"]
[EventDate "2010.10.10"]
[EventType "swiss"]
[EventRounds "9"]
[EventCountry "ARG"]
[Source "lmi"]
[SourceDate "2010.10.10"]

1. e4 e5 2. Nf3 Nc6 3. Bb5 a6 4. Bxc6 dxc6 5. d4 exd4 6. Qxd4 Qxd4 7. Nxd4 Bd7
8. O-O O-O-O 9. Be3 c5 10. Nb3 b6 11. Nc3 Bd6 12. Rad1 Ne7 13. Ne2 Bb5 14. Nbc1
Rd7 15. Rd2 f5 16. Rfd1 fxe4 17. Nc3 Bc6 18. Re2 Nf5 19. Rde1 b5 20. Bd2 Nd4
21. Nxe4 Nxe2+ 22. Rxe2 Bxe4 23. Rxe4 Bf4 0-1

[Event "Pro-Am 2010"]
[Site "Villa Martelli ARG"]
[Date "2010.10.12"]
[Round "1.55"]
[White "Gimenez, Santiago"]
[Black "Frei, Alejandro"]
[Result "1-0"]
[WhiteElo "2249"]
[BlackElo "1805"]
[PlyCount "53"]
[EventDate "2010.10.10"]
[EventType "swiss"]
[EventRounds "9"]
[EventCountry "ARG"]
[Source "lmi"]
[SourceDate "2010.10.10"]

1. e4 c6 2. d4 d5 3. e5 Bf5 4. Nf3 e6 5. Be2 Nd7 6. O-O Ne7 7. b3 Qc7 8. c4
Bxb1 9. Rxb1 Qa5 10. Bd2 Qxa2 11. Bc3 Qa6 12. cxd5 b5 13. dxe6 fxe6 14. Ng5 Nd5
15. Bd2 c5 16. Bg4 Nc7 17. Qf3 O-O-O 18. Ra1 Qb7 19. Qh3 Re8 20. Nxe6 Nxe6 21.
Bxe6 Kd8 22. dxc5 Nxc5 23. Ba5+ Ke7 24. Bb4 Qb6 25. Bd7 Ra8 26. Rfd1 g5 27.
Bxc5+ 1-0

[Event "Pro-Am 2010"]
[Site "Villa Martelli ARG"]
[Date "2010.10.12"]
[Round "1.56"]
[White "Hoeschele, Hermann"]
[Black "Mayorga, Nicolas"]
[Result "0-1"]
[WhiteElo "1769"]
[BlackElo "2247"]
[PlyCount "94"]
[EventDate "2010.10.10"]
[EventType "swiss"]
[EventRounds "9"]
[EventCountry "ARG"]
[Source "lmi"]
[SourceDate "2010.10.10"]

1. e4 c5 2. Nf3 d6 3. d4 cxd4 4. Nxd4 Nf6 5. Nc3 a6 6. Be2 e5 7. Nb3 Be6 8. O-O
Nbd7 9. Be3 Rc8 10. f4 Qc7 11. f5 Bc4 12. Bxc4 Qxc4 13. Qf3 b5 14. Nd2 Qc7 15.
Ne2 Nb6 16. c4 bxc4 17. Rac1 d5 18. b3 Ba3 19. Rc2 O-O 20. bxc4 dxc4 21. Rb1
Bc5 22. Kh1 Bxe3 23. Qxe3 Rb8 24. h3 Rfc8 25. g4 Nfd7 26. g5 Qd6 27. Rc3 Na4
28. Rxb8 Qxb8 29. Rxc4 Rxc4 30. Nxc4 Qb1+ 31. Nc1 Nac5 32. Na3 Qxe4+ 33. Qxe4
Nxe4 34. h4 Ng3+ 35. Kh2 Nxf5 36. Kh3 Nd6 37. Nc2 Nc5 38. Kg4 f5+ 39. gxf6 gxf6
40. Nb3 f5+ 41. Kf3 Nxb3 42. axb3 a5 43. Ne3 Kf7 44. Nd5 Ne4 45. b4 a4 46. b5
a3 47. Nb4 Ke7 0-1

[Event "Pro-Am 2010"]
[Site "Villa Martelli ARG"]
[Date "2010.10.12"]
[Round "1.57"]
[White "Viana, Dirceu"]
[Black "Morales, Marcos"]
[Result "1-0"]
[WhiteElo "2245"]
[BlackElo "1748"]
[PlyCount "61"]
[EventDate "2010.10.10"]
[EventType "swiss"]
[EventRounds "9"]
[EventCountry "ARG"]
[Source "lmi"]
[SourceDate "2010.10.10"]

1. Nf3 Nf6 2. b3 c5 3. Bb2 Nc6 4. e3 d5 5. Bb5 Bg4 6. h3 Bxf3 7. Bxc6+ bxc6 8.
Qxf3 e6 9. d3 Be7 10. Nd2 O-O 11. O-O Qc7 12. e4 Rae8 13. c4 d4 14. Qe2 e5 15.
g3 Nd7 16. f4 f5 17. exf5 Rxf5 18. Rae1 Bd6 19. g4 Rff8 20. f5 Qd8 21. Ne4 Bb8
22. Bc1 Nf6 23. g5 Nxe4 24. Qxe4 Qd6 25. Rf3 Rf7 26. Ref1 Ref8 27. h4 Bc7 28.
h5 Bd8 29. Kg2 Re8 30. g6 hxg6 31. hxg6 1-0

[Event "Pro-Am 2010"]
[Site "Villa Martelli ARG"]
[Date "2010.10.12"]
[Round "1.58"]
[White "Leal, Jorge Augusto"]
[Black "Aparicio, Anibal"]
[Result "1/2-1/2"]
[WhiteElo "1625"]
[BlackElo "2241"]
[PlyCount "60"]
[EventDate "2010.10.10"]
[EventType "swiss"]
[EventRounds "9"]
[EventCountry "ARG"]
[Source "lmi"]
[SourceDate "2010.10.10"]

1. d4 d5 2. Nf3 Nf6 3. g3 c6 4. Bg2 Bf5 5. O-O h6 6. Nbd2 e6 7. c4 Nbd7 8. Re1
Be7 9. Qb3 Qb6 10. c5 Qa6 11. Bf1 b5 12. e3 Qa5 13. Bd3 Ne4 14. Qc2 Nxd2 15.
Bxd2 Bxd3 16. Qxd3 Qd8 17. e4 Nf6 18. e5 Nh7 19. a4 a6 20. axb5 axb5 21. Ra3
O-O 22. Rea1 Rxa3 23. Qxa3 f6 24. Qa6 Qe8 25. Qb7 Ng5 26. Nxg5 fxg5 27. Ra7 Qh5
28. Be3 Qd1+ 29. Kg2 Qf3+ 30. Kg1 Qd1+ 1/2-1/2

[Event "Pro-Am 2010"]
[Site "Villa Martelli ARG"]
[Date "2010.10.12"]
[Round "1.60"]
[White "Lopez Azambuja, Nicolas"]
[Black "Virgillito, Cristian"]
[Result "1-0"]
[WhiteElo "2142"]
[BlackElo "2239"]
[PlyCount "87"]
[EventDate "2010.10.10"]
[EventType "swiss"]
[EventRounds "9"]
[EventCountry "ARG"]
[Source "lmi"]
[SourceDate "2010.10.10"]

1. d4 d5 2. c4 c6 3. Nf3 Nf6 4. Nc3 e6 5. Bg5 dxc4 6. e4 b5 7. e5 h6 8. Bh4 g5
9. Bg3 Nd5 10. Nd2 Nd7 11. Be2 Bb7 12. h4 Nxc3 13. bxc3 Qa5 14. Qc2 c5 15. hxg5
cxd4 16. cxd4 Bxg2 17. Rh2 Bd5 18. g6 fxg6 19. Qxg6+ Kd8 20. Qc2 Be7 21. Kf1
Qb6 22. Rd1 Qxd4 23. Nxc4 Qc5 24. Ne3 Qxc2 25. Nxc2 Rc8 26. Ne3 Bxa2 27. Bxb5
Rc7 28. f4 Rg8 29. Be1 Bb3 30. Rd3 Bd5 31. Nxd5 exd5 32. Rxd5 Kc8 33. Bxd7+
Rxd7 34. Rxd7 Kxd7 35. Ke2 Bf8 36. Kf3 Rg1 37. Re2 h5 38. Ke4 Bh6 39. f5 Rf1
40. e6+ Ke8 41. Bd2 Bg7 42. Rg2 Ba1 43. Rg8+ Ke7 44. Bb4+ 1-0

[Event "Pro-Am 2010"]
[Site "Villa Martelli ARG"]
[Date "2010.10.12"]
[Round "1.66"]
[White "Lanza, Luciano"]
[Black "Cabral, Matias Andres"]
[Result "1-0"]
[WhiteElo "2178"]
[BlackElo "2095"]
[PlyCount "125"]
[EventDate "2010.10.10"]
[EventType "swiss"]
[EventRounds "9"]
[EventCountry "ARG"]
[Source "lmi"]
[SourceDate "2010.10.10"]

1. e4 d6 2. d4 Nf6 3. Nc3 g6 4. Be3 Bg7 5. Qd2 O-O 6. f3 Nbd7 7. Bh6 e5 8. Bxg7
Kxg7 9. O-O-O c6 10. h4 h5 11. Nh3 Qa5 12. dxe5 dxe5 13. Ng5 b5 14. Kb1 Nb6 15.
Bd3 b4 16. Ne2 c5 17. c3 Rd8 18. cxb4 cxb4 19. Nc1 Na4 20. Qc2 Bd7 21. Bc4 Rdc8
22. Qb3 Rab8 23. Rd6 Qc5 24. Rxd7 Nxd7 25. Bxf7 Nc3+ 26. Ka1 Nf8 27. Bxg6 Qc7
28. Bh7 Qc4 29. Bf5 Rc6 30. Qxc4 Rxc4 31. bxc3 bxc3 32. Nb3 Rd8 33. Ne6+ Nxe6
34. Bxe6 Rcd4 35. Nxd4 exd4 36. Kb1 d3 37. Kc1 Kf6 38. Bc4 Ke5 39. Bxd3 Rxd3
40. Kc2 Rd2+ 41. Kxc3 Rxg2 42. a4 Rg3 43. Rf1 Rh3 44. Kc4 Rxh4 45. Rd1 Rh2 46.
Rd5+ Ke6 47. f4 h4 48. Rh5 h3 49. Rh6+ Kf7 50. Kd5 Rh1 51. f5 Kg7 52. Rh4 Kf6
53. Rh6+ Kg7 54. Rh5 Kf6 55. e5+ Kf7 56. Rh7+ Kg8 57. Rh6 Kg7 58. Rg6+ Kh7 59.
Rg3 h2 60. Rh3+ Kg7 61. Ke6 a5 62. f6+ Kg6 63. f7 1-0

[Event "Pro-Am 2010"]
[Site "Villa Martelli ARG"]
[Date "2010.10.13"]
[Round "2.1"]
[White "Wisniacki, Flavio"]
[Black "Flores, Diego"]
[Result "0-1"]
[WhiteElo "2257"]
[BlackElo "2615"]
[PlyCount "116"]
[EventDate "2010.10.10"]
[EventType "swiss"]
[EventRounds "9"]
[EventCountry "ARG"]
[Source "lmi"]
[SourceDate "2010.10.10"]

1. c4 c6 2. Nc3 d5 3. d4 Nf6 4. e3 a6 5. a4 e6 6. Nf3 c5 7. Ne5 Nc6 8. Be2 Bd6
9. Nxc6 bxc6 10. O-O O-O 11. a5 Rb8 12. Qc2 Qc7 13. h3 cxd4 14. exd4 c5 15.
dxc5 Bxc5 16. Bg5 dxc4 17. Bxc4 Bb7 18. Bxf6 gxf6 19. Ne4 Bd4 20. Rfd1 Rfd8 21.
Bd3 Qxc2 22. Bxc2 Bxe4 23. Bxe4 Rxb2 24. Rab1 Ra2 25. Bf3 Bxf2+ 26. Kf1 Bd4 27.
Rb4 e5 28. Rb7 Rc8 29. Bd5 Rf2+ 30. Ke1 Rcc2 31. Rd3 Kg7 32. Bxf7 Kh6 33. Bd5
f5 34. h4 Rb2 35. Rxb2 Rxb2 36. Rb3 Bf2+ 37. Kf1 Rxb3 38. Bxb3 Bxh4 39. Bc4 Bd8
40. Bxa6 Bxa5 41. Ke2 Kg5 42. Bc8 h5 43. Kf3 e4+ 44. Ke2 h4 45. Bd7 Bb6 46. Bc8
h3 47. gxh3 f4 48. h4+ Kf6 49. Bb7 Ke5 50. h5 f3+ 51. Kf1 Be3 52. h6 Bxh6 53.
Bc6 Kf4 54. Bb5 e3 55. Bc6 Bf8 56. Bb5 Ke5 57. Ke1 Bb4+ 58. Kd1 Kf4 0-1

[Event "Pro-Am 2010"]
[Site "Villa Martelli ARG"]
[Date "2010.10.13"]
[Round "2.3"]
[White "Paveto, Kevin"]
[Black "Rodriguez Vila, Andres"]
[Result "1-0"]
[WhiteElo "2256"]
[BlackElo "2537"]
[PlyCount "47"]
[EventDate "2010.10.10"]
[EventType "swiss"]
[EventRounds "9"]
[EventCountry "ARG"]
[Source "lmi"]
[SourceDate "2010.10.10"]

1. e4 d6 2. d4 g6 3. Be3 Nd7 4. Nc3 a6 5. Nf3 b5 6. a4 b4 7. Nd5 a5 8. Bc4 e6
9. Nf4 Bb7 10. e5 Ne7 11. Ng5 Nf5 12. Nxf7 Kxf7 13. Bxe6+ Ke7 14. Bxf5 gxf5 15.
Qh5 dxe5 16. dxe5 Nxe5 17. Qxf5 Qd6 18. Rd1 Bc8 19. Qg5+ Kf7 20. Rxd6 Bxd6 21.
Qh5+ Ke7 22. Bd4 Bg4 23. Qg5+ Kf7 24. Bxe5 1-0

[Event "Pro-Am 2010"]
[Site "Villa Martelli ARG"]
[Date "2010.10.13"]
[Round "2.4"]
[White "Valerga, Diego"]
[Black "Viana, Dirceu"]
[Result "1/2-1/2"]
[WhiteElo "2508"]
[BlackElo "2245"]
[PlyCount "75"]
[EventDate "2010.10.10"]
[EventType "swiss"]
[EventRounds "9"]
[EventCountry "ARG"]
[Source "lmi"]
[SourceDate "2010.10.10"]

1. d4 d5 2. c4 c6 3. Nf3 Nf6 4. Nc3 dxc4 5. a4 Na6 6. e3 Bg4 7. Bxc4 e6 8. h3
Bh5 9. O-O Be7 10. Qe2 Nb4 11. a5 O-O 12. Rd1 Qc7 13. g4 Bg6 14. Ne5 Rad8 15.
e4 Nd7 16. Nxg6 hxg6 17. Be3 a6 18. Kg2 c5 19. d5 exd5 20. Nxd5 Nxd5 21. Rxd5
Nf6 22. Rxd8 Rxd8 23. Qf3 Qe5 24. Bf4 Qxe4 25. Qxe4 Nxe4 26. Re1 Rd4 27. b3 Bf6
28. Kf3 Nd6 29. Bxd6 Rxd6 30. Re8+ Kh7 31. Bxf7 Rd8 32. Rxd8 Bxd8 33. Bd5 Bxa5
34. Bxb7 g5 35. Bxa6 Kg6 36. Ke4 Be1 37. Bd3 Kf6 38. f4 1/2-1/2